[Event "Match"]
[Site "www.echecsemail.com"]
[Date "2017.04.17"]
[Round "1"]
[White "Biggles"]
[Black "Cjood"]
[WhiteElo "2170"]
[BlackElo "1699"]
[Result "1-0"]
[Round "1"]
1.e4 d5
2.exd5 Qd8xd5
3.Nb1c3 Qd5d6
4.d4 Bc8f5
5.Ng1f3 a6
6.Bf1c4 b5
7.Bc4b3 Nb8c6
8.O-O Qd6g6
9.Bc1f4 Bf5h3
10.Bf4g3 Bh3g4
11.Qd1e2 Nc6xd4
12.Qe2e4 Qg6xe4
13.Nc3xe4 Bg4xf3
14.gxf3 Nd4xf3
15.Kg2 Nf3d4
16.Bg3xc7 Ra8c8
17.Bc7a5 Nd4xb3
18.cxb3 f5
19.Ne4g5 Ng8f6
20.Ra1c1 Rc8xc1
21.Rf1xc1 h6
22.Rc1c8 Kd7
23.Rc8d8 Kc6
24.Ng5e6 Nf6d7
25.Ne6d4 Kd6
26.Nd4xf5 Ke6
27.Nf5d4 Kd6
28.Ba5b4 Kc7
29.Bb4xe7 Bf8xe7
30.Rd8xh8 Be7f6
31.Nd4e6 Kd6
32.Ne6xg7 Bf6xg7
33.Rh8h7 Bg7f8
34.a4 Nd7c5
35.axb5 axb5
36.b4 Nc5d3
37.Rh7b7 Kc6
38.Rb7f7 Bf8d6
39.Rf7f6 h5
40.Rf6h6 Kc7
41.Kf3 Bd6xb4
42.Rh6xh5 Kc6
43.b3 Bb4c5
44.h3 Bc5xf2
45.Rh5h6 Kc5
46.Ke2 Nd3c1
47.Kxf2 b4
48.Rh6h8 Nc1xb3
49.h4 Nb3d4
50.h5 Nd4f5
51.h6 Nf5xh6
52.Rh8xh6 b3
53.Ke2 b2
54.Rh6h1 Kb4
55.Kd2 Kb3
56.Rh1b1 Ka2
57.Kc2 Ka3
58.Rb1xb2 Ka4
59.Kc3 Ka5
60.Kc4 Ka4
61.Rb2a2 { resign }
1-0

[Event "Tourn. n9219"]
[Site "www.chess-mail.com"]
[Date "2017.04.18"]
[Round "1"]
[White "Tartan"]
[Black "Jazzy"]
[WhiteElo "2400"]
[BlackElo "2250"]
[Result "1-0"]
[Round "1"]
1.e4 c5
2.Ng1f3 d6
3.d4 cxd4
4.Nf3xd4 Ng8f6
5.Nb1c3 e5
6.Bf1b5 Bc8d7
7.Bb5xd7 Nb8xd7
8.Nd4f5 Nd7c5
9.Bc1g5 g6
10.Bg5xf6 Qd8xf6
11.Nc3d5 Qf6d8
12.Nf5g3 Bf8g7
13.O-O O-O
14.c4 Nc5e6
15.Qd1b3 b6
16.Ng3e2 Ra8c8
17.Qb3a4 a5
18.Ra1d1 Ne6c5
19.Qa4c2 Nc5e6
20.Qc2b3 Rc8b8
21.Qb3d3 Ne6c5
22.Qd3c2 Rf8e8
23.Rf1e1 Qd8h4
24.Ne2c3 Nc5e6
25.Nc3b5 Bg7f8
26.Re1e3 Kg7
27.Re3h3 Qh4g5
28.Rh3f3 Ne6f4
29.Nd5xf4 exf4
30.Nb5c7 Re8e5
31.Nc7d5 b5
32.b3 bxc4
33.Qc2xc4 Kg8
34.b4 axb4
35.Rf3xf4 Bf8g7
36.Rf4xf7 Re5xd5
37.Rd1xd5 Qg5h6
38.Rf7xg7 { resign }
1-0

[Event "Tourn. n9241"]
[Site "www.chess-mail.com"]
[Date "2017.04.18"]
[Round "1"]
[White "Picifarkinca"]
[Black "Libiesse"]
[WhiteElo "1840"]
[BlackElo "1780"]
[Result "0-1"]
[Round "1"]
1.e4 e5
2.Ng1f3 Nb8c6
3.Bf1b5 d6
4.O-O Bc8g4
5.d3 Ng8e7
6.Nb1d2 f5
7.Qd1e1 fxe4
8.Qe1xe4 Bg4f5
9.Qe4e3 Qd8d7
10.c3 a6
11.Bb5a4 Ne7d5
12.Qe3g5 Bf5xd3
13.Rf1e1 b5
14.Ba4b3 Nd5f6
15.Nd2f1 h6
16.Qg5d2 Bd3h7
17.Nf1e3 Nc6a5
18.Bb3c2 Bh7xc2
19.Qd2xc2 Bf8e7
20.Qc2g6 Kf8
21.Ne3f5 Rh8h7
22.Nf5xg7 Rh7xg7
23.Bc1xh6 Be7d8
24.h3 Kg8
25.Bh6xg7 Qd7xg7
26.Qg6d3 Na5c4
27.b3 Nc4b6
28.Ra1d1 Nb6d5
29.c4 Nd5f4
{ resign }
0-1

[Event "Tourn. n9285"]
[Site "www.chess-mail.com"]
[Date "2017.04.18"]
[Round "1"]
[White "Prize640"]
[Black "Pdebonis"]
[WhiteElo "2400"]
[BlackElo "2540"]
[Result "0-1"]
[Round "1"]
1.e4 c5
2.Nb1c3 Nb8c6
3.g3 g6
4.Bf1g2 Bf8g7
5.d3 d6
6.f4 Ng8h6
7.Ng1f3 O-O
8.O-O e6
9.a4 a6
10.h3 f5
11.Bc1e3 Bc8d7
12.Qd1d2 Qd8c7
13.Qd2f2 Ra8c8
14.Rf1e1 Rf8e8
15.Kh2 b6
16.Nc3d1 Nh6f7
17.c3 e5
18.Qf2f1 Bd7e6
19.fxe5 dxe5
20.exf5 gxf5
 { time }
0-1

[Event "Tourn. n9246"]
[Site "www.chess-mail.com"]
[Date "2017.04.18"]
[Round "1"]
[White "Tartan"]
[Black "Prize640"]
[WhiteElo "2410"]
[BlackElo "2400"]
[Result "1-0"]
[Round "1"]
1.e4 c5
2.Ng1f3 Nb8c6
3.d4 cxd4
4.Nf3xd4 e5
5.Nd4b5 d6
6.c4 Bf8e7
7.Nb1c3 a6
8.Nb5a3 f5
9.exf5 Bc8xf5
10.Bf1d3 Bf5e6
11.O-O Ng8f6
12.Bc1e3 O-O
13.Nc3d5 Nf6g4
14.Qd1c2 h6
15.Be3b6 Qd8d7
16.Nd5c7 Nc6d4
17.Bd3h7 Kh8
18.Qc2d3 Ra8c8
19.Nc7xe6 Qd7xe6
20.Ra1e1 Qe6f6
21.Bb6xd4  { time }
1-0

[Event "Tourn. n9188"]
[Site "www.chess-mail.com"]
[Date "2017.04.18"]
[Round "1"]
[White "Tartan"]
[Black "Prize640"]
[WhiteElo "2390"]
[BlackElo "2350"]
[Result "1-0"]
[Round "1"]
1.d4 Ng8f6
2.c4 c5
3.d5 b5
4.cxb5 a6
5.bxa6 g6
6.Nb1c3 Bc8xa6
7.e4 Ba6xf1
8.Kxf1 d6
9.Ng1f3 Nb8d7
10.g3 Bf8g7
11.Kg2 O-O
12.a4 Qd8b6
13.Qd1e2 Nf6e8
14.Nf3d2 Ne8c7
15.a5 Qb6a6
16.Qe2xa6 Ra8xa6
17.Nd2c4 Rf8a8
18.Bc1g5 Kf8
19.Rh1d1 h6
20.Bg5c1 Nd7e5
21.Nc4b6 Ra8d8
22.Bc1f4 g5
23.Bf4xe5 Bg7xe5
24.f3 Be5xc3
25.bxc3 Nc7b5
26.Rd1b1 Nb5c7
27.Nb6c4 Rd8a8
28.Rb1b7 Ra8a7
29.Rb7b8 Kg7
30.Ra1b1 Ra7a8
31.Rb8xa8  { time }
1-0

[Event "Tourn. n9269"]
[Site "www.chess-mail.com"]
[Date "2017.04.18"]
[Round "1"]
[White "Stepanpech"]
[Black "Prize640"]
[WhiteElo "2250"]
[BlackElo "2400"]
[Result "1-0"]
[Round "1"]
1.e4 c5
2.Ng1f3 Nb8c6
3.d4 cxd4
4.Nf3xd4 e5
5.Nd4b5 d6
6.c4 Bf8e7
7.Nb1c3 a6
8.Nb5a3 f5
9.exf5 Bc8xf5
10.Bf1d3 Bf5e6
11.Na3c2 Ng8f6
12.O-O O-O
13.b3 Qd8d7
14.Bc1a3 Kh8
15.Nc2e3  { time }
1-0

[Event "Tourn. n9254"]
[Site "www.chess-mail.com"]
[Date "2017.04.18"]
[Round "1"]
[White "Omaciej"]
[Black "Azulmarino"]
[WhiteElo "1319"]
[BlackElo "1460"]
[Result "1-0"]
[Round "1"]
1.e4 d5
2.exd5 Qd8xd5
3.Nb1c3 Qd5c5
4.d4 Qc5d6
5.Bc1e3 Bc8f5
6.Ng1f3 f6
7.Nc3b5 a6
8.Nb5xd6 cxd6
9.Nf3h4 Bf5e4
10.Bf1e2 Nb8c6
11.O-O e6
12.Be2d3 d5
13.Bd3xe4 dxe4
14.Qd1h5 g6
15.Nh4xg6 hxg6
16.Qh5xh8 Kf7
17.Qh8h7 Bf8g7
18.b4 Nc6xb4
19.Ra1b1 Nb4xa2
20.Rb1xb7 Ng8e7
21.Be3h6 Ra8g8
22.Rb7xe7 Kf8
23.Bh6xg7 Kxe7
24.Qh7xg8 Na2c3
25.Rf1a1 Nc3e2
26.Kf1 Ne2xd4
27.Ra1xa6 { resign }
1-0

[Event "Tourn. n9219"]
[Site "www.chess-mail.com"]
[Date "2017.04.18"]
[Round "1"]
[White "Tartan"]
[Black "Pdebonis"]
[WhiteElo "2400"]
[BlackElo "2420"]
[Result "0-1"]
[Round "1"]
1.e4 e6
2.d4 d5
3.Nb1c3 Bf8b4
4.e5 c5
5.a3 Bb4xc3
6.bxc3 Ng8e7
7.Qd1g4 O-O
8.Bf1d3 f5
9.exf6 Rf8xf6
10.Bc1g5 Rf6f7
11.Qg4h5 g6
12.Qh5d1 Qd8a5
13.Qd1d2 Nb8c6
14.Ng1f3 c4
15.Bd3e2 Ne7f5
16.O-O Nf5d6
17.Qd2e1 Bc8d7
18.Bg5d2 Ra8f8
19.Nf3g5 Rf7g7
20.Ng5f3 Rg7e7
21.Bd2h6 Rf8e8
22.Bh6f4 Nd6b5
23.a4 Nb5xc3
24.Bf4d2 Nc3xe2
25.Qe1xe2 Qa5c7
26.Bd2c3 Qc7f4
27.Rf1d1 Re7f7
28.Bc3b2 Rf7f5
29.Rd1e1 Re8f8
30.c3 Qf4g4
31.Bb2a3 Rf8f7
32.h3 Qg4h5
33.Ba3d6 Rf5xf3
34.gxf3 Rf7xf3
35.Ra1c1 Qh5xh3
36.Bd6g3 Rf3d3
37.Re1d1 Qh3f5
38.Qe2b2 e5
{ resign }
0-1

[Event "Tourn. n9250"]
[Site "www.chess-mail.com"]
[Date "2017.04.18"]
[Round "1"]
[White "Libiesse"]
[Black "Picifarkinca"]
[WhiteElo "1780"]
[BlackElo "1910"]
[Result "0-1"]
[Round "1"]
1.d4 d5
2.c4 c6
3.cxd5 cxd5
4.Nb1c3 e6
5.Bc1f4 Bf8d6
6.Qd1d2 a6
7.Ng1f3 Bd6xf4
8.Qd2xf4 Nb8c6
9.a3 Ng8f6
10.Qf4d2 O-O
11.e3 Qd8d6
12.Bf1d3 b5
13.b4 Bc8b7
14.O-O Ra8c8
15.Rf1c1 e5
16.dxe5 Nc6xe5
17.Nf3d4 Ne5xd3
18.Qd2xd3 Rc8c4
19.h3 Rf8c8
20.Ra1a2 Nf6e4
21.Ra2c2 Qd6g6
22.Nd4f3 Ne4xc3
23.Qd3xg6 hxg6
24.Nf3d4 Nc3e4
{ resign }
0-1

[Event "Tourn. n9251"]
[Site "www.chess-mail.com"]
[Date "2017.04.18"]
[Round "1"]
[White "Falcoale"]
[Black "Bojan"]
[WhiteElo "2010"]
[BlackElo "2000"]
[Result "0-1"]
[Round "1"]
1.e4 e5
2.Ng1f3 Nb8c6
3.Bf1c4 h6
4.O-O Qd8f6
5.Nb1c3 Ng8e7
6.Nc3b5 Kd8
7.b3 a6
8.Nb5c3 d6
9.Bc1b2 Ne7g6
10.Nc3d5 Qf6e6
11.Nd5b6 cxb6
12.Bc4xe6 Bc8xe6
13.d4 Be6g4
14.h3 Bg4d7
15.dxe5 dxe5
16.Nf3d2 Kc7
17.Ra1c1 Bf8e7
18.c4 Ra8d8
19.Qd1e1 f6
20.Kh2 Nc6b4
21.a3 Nb4d3
22.Qe1e3 Nd3xc1
23.Rf1xc1 Rh8g8
24.b4 Kb8
25.Nd2b3 Bd7e6
26.Qe3xb6 Rd8d6
27.Qb6e3 Rg8d8
28.Nb3c5 Be6f7
29.Nc5a4 Rd6d3
30.Qe3b6 Rd8d6
31.Qb6a5 Be7d8
32.Qa5c5 Rd6c6
33.Qc5xc6 bxc6
34.Na4c5 Rd3d2
35.Bb2c3 Rd2xf2
36.Nc5xa6 Ka7
37.Na6c5 Ng6f4
38.Rc1g1 Bf7xc4
39.Bc3e1 Rf2a2
40.a4 Bd8b6
41.a5 Bb6xc5
42.bxc5 Bc4d3
43.Be1b4 Bd3xe4
{ resign }
0-1

[Event "Tourn. n9296"]
[Site "www.chess-mail.com"]
[Date "2017.04.18"]
[Round "1"]
[White "Pdebonis"]
[Black "Prize640"]
[WhiteElo "2570"]
[BlackElo "2400"]
[Result "1-0"]
[Round "1"]
1.d4 Ng8f6
2.Bc1g5 d5
3.Bg5xf6 exf6
4.e3 Bf8d6
5.c4 dxc4
6.Bf1xc4 Nb8d7
7.Nb1c3 O-O
8.Ng1f3 f5
9.O-O Nd7f6
10.Nc3b5 a6
11.Nb5xd6 Qd8xd6
12.Qd1b3 b5
13.Bc4d3 Bc8e6
14.Qb3c2 g6
15.a4 c6
16.Rf1c1 Rf8c8
17.Nf3g5  { time }
1-0

[Event "Tourn. n9106"]
[Site "www.chess-mail.com"]
[Date "2017.04.18"]
[Round "1"]
[White "Ditto"]
[Black "Lachouette"]
[WhiteElo "1840"]
[BlackElo "1670"]
[Result "1-0"]
[Round "1"]
1.e4 e5
2.Ng1f3 d6
3.Bf1c4 Bc8e6
4.Bc4xe6 fxe6
5.Nb1c3 Nb8c6
6.d4 exd4
7.Nf3xd4 Nc6xd4
8.Qd1xd4 c5
9.Qd4d1 Ng8f6
10.Bc1g5 h6
11.Bg5d2 g5
12.O-O e5
13.Qd1e2 Bf8g7
14.Qe2b5 Qd8d7
15.Qb5c4 O-O-O
16.Nc3b5 b6
17.b4 a6
18.Nb5a3 b5
19.bxc5 Qd7c7
20.Qc4e6 Kb8
21.Bd2e3 Nf6xe4
22.Qe6g6 d5
23.Qg6xa6 d4
24.Be3c1 Ne4xc5
25.Qa6xb5 Kc8
26.Bc1d2 Rd8d5
27.Na3c4 Rh8d8
28.Nc4b6 Kb8
29.Nb6xd5 Qc7b7
30.Qb5xc5 Rd8xd5
31.Qc5a3 Kc7
32.Qa3e7 Rd5d7
33.Bd2a5 Kb8
34.Qe7e8 Ka7
35.Ra1b1 Qb7c6
36.Qe8b8 Ka6
37.Rb1b6 Qc6xb6
38.Qb8xb6  { time }
1-0

[Event "Tourn. n9223"]
[Site "www.chess-mail.com"]
[Date "2017.04.18"]
[Round "1"]
[White "Azulmarino"]
[Black "Cal"]
[WhiteElo "1470"]
[BlackElo "1640"]
[Result "0-1"]
[Round "1"]
1.e4 e5
2.Ng1f3 d6
3.h3 a6
4.d3 h6
5.Bc1e3 Ng8f6
6.Nb1c3 Nb8c6
7.Qd1d2 Bc8e6
8.g3 b5
9.b4 Bf8e7
10.Bf1g2 O-O
11.Be3xh6 Nf6h5
12.g4 Nh5f4
13.Bh6xf4 Nc6xb4
14.O-O exf4
15.Nc3d5 Nb4xd5
16.exd5 Be6xd5
17.Qd2xf4 c5
18.Qf4f5 Bd5e6
19.Qf5e4 d5
20.Qe4f4 Be7d6
21.Nf3e5 f6
22.Ne5c6 Qd8d7
23.Qf4e3 Ra8e8
24.Nc6a5 d4
25.Qe3e2 Qd7c7
26.Na5c6 Be6f7
27.Qe2d2 Bd6f4
28.Qd2d1 Bf4h2
29.Kh1 Qc7f4
30.Qd1f3 Qf4d6
31.a3 Re8e6
32.Nc6a5 Bf7g6
33.Na5b7 Qd6b6
34.Qf3d5 Bg6f7
35.Qd5f5 Bh2b8
36.Bg2e4 g6
37.Qf5f4 Bb8xf4
38.f3 Re6xe4
39.fxe4 g5
40.h4 Qb6xb7
41.Rf1f3 Bf7e6
42.hxg5 Bf4xg5
43.Kg2 Be6xg4
44.Rf3g3 f5
45.Kf2 Bg5h4
46.Ra1g1 fxe4
47.Kg2 e3
48.Kh2 Rf8f2
49.Rg3g2 Rf2xg2
{ resign }
0-1

[Event "Tourn. n9313"]
[Site "www.chess-mail.com"]
[Date "2017.04.18"]
[Round "1"]
[White "Azulmarino"]
[Black "Traub"]
[WhiteElo "1530"]
[BlackElo "1440"]
[Result "1-0"]
[Round "1"]
1.e4 Ng8f6
2.Qd1f3 e5
3.Bf1c4 Bf8c5
4.Ng1h3 h6
5.d3 Nb8c6
6.Nb1c3 a6
7.Nc3d5 Bc5e7
8.Qf3g3 Nf6h5
9.Qg3f3 g6
10.Nd5xc7  { time }
1-0

[Event "Tourn. n9312"]
[Site "www.chess-mail.com"]
[Date "2017.04.18"]
[Round "1"]
[White "Nulladies"]
[Black "Cal"]
[WhiteElo "1870"]
[BlackElo "1730"]
[Result "1-0"]
[Round "1"]
1.d4 d5
2.Bc1f4 h6
3.e3 Ng8f6
4.Ng1f3 e6
5.c3 a6
6.Bf1e2 Nb8c6
7.Nb1d2 g5
8.Bf4e5 Bf8g7
9.h3 Nf6h5
10.g4 Bg7xe5
11.dxe5 Nh5g7
12.Nf3d4 Nc6xe5
13.Qd1c2 O-O
14.O-O-O c5
15.Nd4f3 Ne5c6
16.h4 e5
17.hxg5 hxg5
18.Qc2h7 
1-0

[Event "Tourn. n9055"]
[Site "www.chess-mail.com"]
[Date "2017.04.18"]
[Round "1"]
[White "Seger"]
[Black "Prize640"]
[WhiteElo "2800"]
[BlackElo "2370"]
[Result "1-0"]
[Round "1"]
1.d4 Ng8f6
2.c4 g6
3.Nb1c3 d5
4.Ng1f3 Bf8g7
5.Qd1b3 dxc4
6.Qb3xc4 O-O
7.e4 a6
8.e5 b5
9.Qc4b3 Nf6d7
10.e6 fxe6
11.Qb3xe6 Kh8
12.Qe6d5 Nd7b6
13.Qd5xd8 Rf8xd8
14.Bc1f4 Ra8a7
15.O-O-O Nb8c6
16.Bf4e3 Bc8e6
17.h4 b4
18.Nc3e4 Be6xa2
19.h5 Kg8
20.hxg6 hxg6
21.Rh1h4 Ba2b3
22.Rd1e1 Bb3e6
23.Bf1d3 Be6f5
24.g4 Bf5xe4
25.Bd3xe4 Nc6xd4
26.Nf3xd4 Bg7xd4
27.Be4xg6 Bd4xe3
28.Re1xe3 Nb6d5
29.Re3e5 a5
30.Re5g5 e6
31.Bg6f5 Kf7
32.Rh4h7 Kf6
33.Rg5g6 Ke5
34.Rg6xe6 Kd4
35.g5 a4
36.g6 a3
37.Kb1 axb2
38.Kxb2 Rd8a8
39.Bf5b1 Nd5c3
40.Rh7d7 Kc5
41.Bb1c2 Ra7a2
42.Kc1 c6
43.g7 b3
44.Bc2xb3 Ra2xf2
45.Rd7d2 Ra8a1
46.Kc2 Rf2xd2
47.Kxd2 Ra1g1
48.Kxc3 Rg1xg7
49.Re6e3 Rg7g4
50.Re3f3 Rg4h4
51.Rf3f5 Kb6
52.Bb3c2 Rh4g4
53.Bc2d1 Rg4h4
54.Bd1e2 Rh4e4
55.Be2f3 Re4e6
56.Kd4 Re6d6
57.Ke5 Rd6d3
58.Rf5f6 Rd3c3
59.Bf3e4 Kb5
60.Kd6 c5
61.Rf6f1 Kb4
62.Be4f5  { time }
1-0

[Event "Tourn. n9296"]
[Site "www.chess-mail.com"]
[Date "2017.04.18"]
[Round "1"]
[White "Prize640"]
[Black "Conde7"]
[WhiteElo "2400"]
[BlackElo "2860"]
[Result "0-1"]
[Round "1"]
1.e4 c5
2.Nb1c3 Nb8c6
3.g3 g6
4.Bf1g2 Bf8g7
5.d3 d6
6.f4 e6
7.Bc1e3 Ng8e7
8.Ng1e2 Nc6d4
9.Qd1d2 Ra8b8
10.a4 O-O
11.Ra1b1 Qd8a5
12.b3 Ne7c6
 { time }
0-1

[Event "Tourn. n9305"]
[Site "www.chess-mail.com"]
[Date "2017.04.18"]
[Round "1"]
[White "Pariolinius"]
[Black "Attatroll"]
[WhiteElo "2010"]
[BlackElo "1970"]
[Result "0-1"]
[Round "1"]
1.d4 f5
2.g3 Ng8f6
3.Bf1g2 d5
4.Ng1f3 c6
5.O-O e6
6.Bc1g5 Bf8e7
7.Nb1d2 O-O
8.Nf3e5 Nb8d7
9.e3 Nd7xe5
10.dxe5 Nf6e4
11.Bg5xe7 Qd8xe7
12.Qd1e2 b6
13.a3 a5
14.Nd2b3 Bc8a6
15.Qe2d1 Ba6xf1
16.Bg2xf1 g5
17.Nb3d4 Ra8c8
18.Qd1d3 f4
19.exf4 gxf4
20.Bf1h3 Ne4xf2
21.Kxf2 fxg3
22.Kg2 gxh2
23.Qd3g3 Kh8
24.Kxh2 Rf8g8
25.Qg3f3 Rg8g6
26.Ra1f1 Kg8
27.Nd4e2 Rc8f8
28.Ne2f4 Qe7g5
29.Bh3xe6 Rg6xe6
30.Rf1g1 Re6h6
31.Nf4h3 Qg5xg1
32.Kxg1 Rf8xf3
{ resign }
0-1

[Event "Tourn. n9293"]
[Site "www.chess-mail.com"]
[Date "2017.04.18"]
[Round "1"]
[White "Balbyns"]
[Black "Picifarkinca"]
[WhiteElo "1830"]
[BlackElo "2010"]
[Result "1-0"]
[Round "1"]
1.d4 d5
2.Ng1f3 Ng8f6
3.Nb1d2 Nb8d7
4.e3 c5
5.Bf1b5 Qd8b6
6.Qd1e2 e6
7.O-O c4
8.Bb5xd7 Bc8xd7
9.Nf3e5 c3
10.bxc3 Bd7a4
11.Ra1b1 Qb6c7
12.Qe2d3 Ra8c8
13.c4 dxc4
14.Qd3xc4 Ba4xc2
15.Qc4b5 Nf6d7
16.Ne5xd7 Qc7xd7
17.Qb5xd7 Kxd7
18.Rb1xb7 Rc8c7
19.Rb7xc7 Kxc7
20.Bc1b2 Bc2d3
21.Rf1c1 Kb7
22.Rc1c3 Bd3g6
23.Rc3b3 Kc8
24.Bb2a3 Bf8xa3
25.Rb3xa3 Kb7
26.Ra3c3 Rh8c8
27.Rc3xc8 Kxc8
28.e4 f6
29.f3 Kc7
30.Kf2 Kc6
31.Nd2b3 Bg6f7
32.Ke3 Bf7e8
33.f4 { resign }
1-0

[Event "Match"]
[Site "www.echecsemail.com"]
[Date "2017.04.18"]
[Round "1"]
[White "Claymil"]
[Black "Cjood"]
[WhiteElo "2030"]
[BlackElo "1669"]
[Result "1-0"]
[Round "1"]
1.c4 g6
2.Nb1c3 Bf8g7
3.g3 Bg7xc3
4.bxc3 d5
5.cxd5 Qd8xd5
6.Ng1f3 Nb8c6
7.Bf1g2 Ng8f6
8.O-O Qd5d7
9.Bc1b2 O-O
10.Qd1c2 Ra8b8
11.d4 b6
12.c4 Qd7f5
13.Ra1c1 Qf5xc2
14.Rc1xc2 Nc6b4
15.Rc2d2 Nf6e4
16.Rd2d1 Nb4xa2
17.Rd1a1 Na2c3
18.Rf1e1 a5
19.Nf3e5 Bc8f5
20.f3 Nc3xe2
21.Re1xe2 Ne4d6
22.Ne5c6 Bf5d3
23.d5 Bd3xe2
24.Nc6xe7 { resign }
1-0

[Event "Match"]
[Site "www.echecsemail.com"]
[Date "2017.04.18"]
[Round "1"]
[White "Sonny1000"]
[Black "Midknightblu"]
[WhiteElo "1360"]
[BlackElo "1699"]
[Result "0-1"]
[Round "1"]
1.d4 d5
2.Nb1c3 e6
3.Ng1f3 Bf8b4
4.a3 Bb4xc3
5.Bc1d2 Bc3xd2
6.Qd1xd2 Ng8e7
7.Nf3e5 O-O
8.b4 a6
9.Ne5xf7 Rf8xf7
10.Qd2c3 Nb8c6
11.b5 axb5
12.Qc3c5 Nc6a7
13.Ra1d1 b6
14.Qc5b4 Bc8a6
15.e3 Ne7c6
16.Qb4c3 Nc6e7
17.a4 Qd8d7
18.e4 dxe4
19.a5 Ne7d5
20.Qc3h3 bxa5
21.f3 exf3
22.Bf1d3 f2
23.Kd2 h6
24.Qh3h5 Nd5f6
25.Bd3g6 Nf6xh5
26.Bg6xf7 Qd7xf7
27.Rh1f1 Qf7f4
28.Kc3 b4
29.Kb3 Ba6xf1
30.Rd1xf1 Qf4xd4
31.Rf1a1 Qd4c3
32.Ka2 b3
33.cxb3 Na7b5
34.g4 Qc3c2
{ resign }
0-1

[Event "Match"]
[Site "www.echecsemail.com"]
[Date "2017.04.18"]
[Round "1"]
[White "Woadman62"]
[Black "Gimmyg"]
[WhiteElo "2600"]
[BlackElo "2450"]
[Result "1-0"]
[Round "1"]
1.e4 c5
2.Ng1f3 d6
3.c3 Ng8f6
4.h3 Nb8c6
5.Bf1d3 e5
6.O-O Bf8e7
7.Bd3c2 O-O
8.d3 b5
9.Nb1d2 h6
10.Rf1e1 Qd8c7
11.d4 cxd4
12.cxd4 Bc8b7
13.d5 Nc6b4
14.Bc2b1 Rf8c8
15.a4 Qc7d7
16.axb5 Qd7xb5
17.Nf3h4 g6
18.b3 a5
19.Nd2c4 a4
20.Bc1xh6 axb3
21.Ra1xa8 Bb7xa8
22.Nc4e3 Nb4c2
23.Ne3xc2 bxc2
24.Bb1xc2 Nf6d7
25.Bc2a4 Qb5b7
26.Nh4xg6 fxg6
27.Qd1g4 { resign }
1-0

[Event "Match"]
[Site "www.echecsemail.com"]
[Date "2017.04.18"]
[Round "1"]
[White "Sociopatas"]
[Black "Rons"]
[WhiteElo "1809"]
[BlackElo "2550"]
[Result "0-1"]
[Round "1"]
1.e4 c5
2.Ng1f3 d6
3.d4 cxd4
4.Nf3xd4 Ng8f6
5.Nb1c3 a6
6.Bc1g5 e6
7.f4 Qd8b6
8.Nd4b3 Bf8e7
9.Qd1f3 Nb8d7
10.O-O-O Qb6c7
11.Bf1d3 b5
12.a3 Bc8b7
13.g4 Nd7c5
14.Nb3xc5 dxc5
15.h4 h6
16.Bg5xf6 Be7xf6
17.f5 O-O-O
18.Bd3xb5 axb5
19.Nc3d5 exd5
20.Rd1xd5 Rd8xd5
21.Rh1d1 Rd5xd1
22.Qf3xd1 Rh8d8
23.Qd1f3 Qc7d6
24.h5 Bb7xe4
25.Qf3xe4 Qd6d1

0-1

[Event "Match"]
[Site "www.echecsemail.com"]
[Date "2017.04.18"]
[Round "1"]
[White "Billyg"]
[Black "Sonny1000"]
[WhiteElo "1670"]
[BlackElo "1360"]
[Result "1-0"]
[Round "1"]
1.e4 e5
2.Ng1f3 Bf8d6
3.Nb1c3 f6
4.d4 exd4
5.Nf3xd4 c5
6.Nd4b5 Bd6c7
7.Bc1e3 b6
8.Nc3d5 Bc7e5
9.c3 Ng8e7
10.Nd5xe7 Qd8xe7
11.f4 a6
12.Nb5a3 Be5c7
13.Bf1d3 b5
14.O-O f5
15.Rf1e1 Qe7h4
16.g3 Qh4h3
17.exf5 Kf7
18.Be3xc5 h5
19.Qd1e2 Nb8c6
20.c4 Nc6d4
21.Qe2e7 Kg8
22.Qe7f8 Kh7
23.f6 Kh6
24.Qf8xg7 { resign }
1-0

[Event "Match"]
[Site "www.echecsemail.com"]
[Date "2017.04.18"]
[Round "1"]
[White "Wd40"]
[Black "Chapi"]
[WhiteElo "2400"]
[BlackElo "2120"]
[Result "1-0"]
[Round "1"]
1.e4 c5
2.Ng1f3 Nb8c6
3.Bf1b5 g6
4.Bb5xc6 bxc6
5.O-O Bf8g7
6.Rf1e1 Ng8f6
7.e5 Nf6d5
8.c4 Nd5f4
9.d4 Nf4h5
10.g4 Nh5f6
11.exf6 Bg7xf6
12.Bc1h6 cxd4
13.g5 Bf6xg5
14.Bh6xg5 f6
15.Bg5xf6 { resign }
1-0

[Event "Match"]
[Site "www.echecsemail.com"]
[Date "2017.04.18"]
[Round "1"]
[White "Sociopatas"]
[Black "Ranjachess"]
[WhiteElo "1820"]
[BlackElo "1840"]
[Result "0-1"]
[Round "1"]
1.Ng1f3 d6
2.d4 Ng8f6
3.h3 Bc8f5
4.Nb1a3 Qd8d7
5.d5 e6
6.Nf3g5 h6
7.e4 a6
8.Ng5xe6 fxe6
9.dxe6 Qd7xe6
10.Bf1xa6 Nb8xa6
11.Qd1xd6 Qe6xd6
12.exf5 O-O-O
13.Bc1xh6 gxh6
14.Na3b1 Qd6d1

0-1

[Event "Match"]
[Site "www.echecsemail.com"]
[Date "2017.04.18"]
[Round "1"]
[White "Billyg"]
[Black "Coraza"]
[WhiteElo "1690"]
[BlackElo "1810"]
[Result "1-0"]
[Round "1"]
1.e4 e5
2.Ng1f3 Nb8c6
3.Bf1b5 Nc6d4
4.Nf3xd4 exd4
5.d3 b6
6.O-O a6
7.Bb5c4 b5
8.Bc4d5 c6
9.Bd5b3 Bf8b4
10.c3 dxc3
11.bxc3 Bb4e7
12.Nb1d2 Qd8a5
13.Nd2f3 Qa5xc3
14.Ra1b1 Qc3f6
15.Bc1b2 Qf6g6
16.g3 h5
17.Nf3e5 Qg6h7
18.Bb3xf7 Kf8
19.Qd1f3 Qh7h6
20.Ne5g6 Qh6xg6
21.Bf7xg6 Be7f6
22.e5 Rh8h6
23.Bg6f5 d5
24.exf6 gxf6
25.Bf5xc8 Ra8xc8
26.Rb1e1 h4
27.gxh4 Rh6g6
28.Kh1 Kf7
29.Rf1g1 Rg6h6
30.Qf3f5 Rc8d8
31.h5 Rd8d6
32.Bb2c1 Rh6h8
33.Qf5g6 Kf8
34.Re1e8 { resign }
1-0

[Event "Match"]
[Site "www.echecsemail.com"]
[Date "2017.04.18"]
[Round "1"]
[White "Krystek23"]
[Black "Stevep84"]
[WhiteElo "2320"]
[BlackElo "2210"]
[Result "1-0"]
[Round "1"]
1.c4 e5
2.Nb1c3 Ng8f6
3.d3 Nb8c6
4.Ng1f3 Bf8b4
5.Bc1d2 d5
6.cxd5 Nf6xd5
7.h3 Bc8e6
8.e3 O-O
9.Qd1c2 Nd5xc3
10.bxc3 Bb4d6
11.Ra1b1 b6
12.Bf1e2 Be6c8
13.d4 exd4
14.cxd4 Bc8b7
15.Be2b5 Nc6e7
16.e4 a6
17.Bb5d3 Ne7g6
18.O-O c5
19.Bd2g5 f6
20.Bg5e3 Ra8c8
21.Qc2b3 Kh8
22.Qb3xb6 Qd8xb6
23.Rb1xb6 cxd4
{ time. }
1-0

[Event "Match"]
[Site "www.echecsemail.com"]
[Date "2017.04.18"]
[Round "1"]
[White "Guidom"]
[Black "Cjood"]
[WhiteElo "2020"]
[BlackElo "1839"]
[Result "1-0"]
[Round "1"]
1.e4 d6
2.d4 c5
3.dxc5 e5
4.cxd6 Bf8xd6
5.c3 Nb8c6
6.Ng1f3 a6
7.Bf1e2 Ng8f6
8.Bc1g5 Bd6e7
9.Qd1xd8 Be7xd8
10.O-O Nf6xe4
11.Bg5xd8 Kxd8
12.Be2c4 f6
13.Bc4d5 Ne4c5
14.Bd5xc6 bxc6
15.Nb1d2 Ke7
16.Rf1e1 Nc5d3
17.Re1b1 Bc8f5
18.Nf3h4 Bf5e4
19.Nd2xe4 g6
20.b3 Rh8d8
21.Rb1d1 g5
22.Nh4f5 Kf7
23.Nf5d6 Rd8xd6
24.Ne4xd6 Ke6
25.Rd1xd3 Ra8d8
26.Ra1d1 e4
27.Nd6xe4 { resign }
1-0

[Event "Match"]
[Site "www.echecsemail.com"]
[Date "2017.04.18"]
[Round "1"]
[White "Cjood"]
[Black "Chapi"]
[WhiteElo "1839"]
[BlackElo "2130"]
[Result "0-1"]
[Round "1"]
1.e4 c5
2.Nb1c3 Nb8c6
3.f4 g6
4.b3 Bf8g7
5.Bc1b2 d6
6.Ng1f3 Ng8f6
7.h3 Nf6xe4
8.Nc3xe4 Bg7xb2
9.Ra1b1 Bb2g7
10.Ne4g3 Nc6d4
11.Nf3xd4 Bg7xd4
12.Qd1f3 O-O
13.c3 Bd4g7
14.Bf1a6 Ra8b8
15.Ba6c4 e6
16.O-O d5
17.Bc4d3 a6
18.Rb1e1 b5
19.Bd3c2 Bc8b7
20.Qf3g4 Qd8a5
21.a4 Bb7c6
22.Re1xe6 Qa5c7
23.Re6e2 bxa4
24.bxa4 Rb8b2
25.Bc2d1 d4
26.cxd4 Rb2b4
27.dxc5 Bc6xa4
28.Bd1xa4 Rb4xa4
29.Re2e4 Qc7xc5
30.Kh2 f5
31.Qg4g5 Bg7f6
32.Qg5xf6 Rf8xf6
33.Re4xa4 Qc5b5
34.Rf1a1 Rf6d6
35.d4 Qb5d3
36.h4 Rd6xd4
37.Ra4xa6 Rd4xf4
38.Ra6a8 Kg7
39.Ra1a7 Kh6
40.Ra7e7 Rf4xh4
41.Kg1 Qd3d4
42.Kf1 Rh4f4
43.Ke2 Rf4f2
{ resign }
0-1

[Event "Match"]
[Site "www.echecsemail.com"]
[Date "2017.04.18"]
[Round "1"]
[White "Sonny1000"]
[Black "Mrynmryn"]
[WhiteElo "1340"]
[BlackElo "1840"]
[Result "1-0"]
[Round "1"]
1.e4 e5
2.c3 Ng8f6
3.f3 d5
4.d4 exd4
5.Qd1a4 c6
6.Qa4xd4 dxe4
7.Qd4e5 Bf8e7
8.fxe4 O-O
9.b4  { time }
1-0

[Event "Match"]
[Site "www.echecsemail.com"]
[Date "2017.04.18"]
[Round "1"]
[White "Caspito"]
[Black "Claymil"]
[WhiteElo "1920"]
[BlackElo "1979"]
[Result "0-1"]
[Round "1"]
1.e4 c5
2.b3 Nb8c6
3.Bc1b2 e5
4.Bf1b5 Ng8e7
5.Ng1f3 d6
6.O-O g6
7.Nb1c3 a6
8.Bb5c4 b5
9.Bc4d5 Ne7xd5
10.Nc3xd5 Bc8b7
11.c3 Bf8g7
12.d3 O-O
13.a3 Nc6e7
14.c4 f5
15.Nf3g5 Bb7c8
16.Nd5e3 Ne7c6
17.Ne3d5 Qd8xg5
18.Bb2c1 f4
19.Qd1f3 Nc6d4
20.Qf3d1 Bc8h3
21.g3 Bh3xf1
22.Qd1xf1 Qg5g4
23.Qf1g2 f3
{ resign }
0-1

[Event "Match"]
[Site "www.echecsemail.com"]
[Date "2017.04.18"]
[Round "1"]
[White "Pariolinius"]
[Black "Cjood"]
[WhiteElo "1880"]
[BlackElo "1669"]
[Result "0-1"]
[Round "1"]
1.d4 e6
2.Ng1f3 f5
3.c4 c5
4.e3 cxd4
5.Nf3xd4 Nb8c6
6.Nb1c3 Nc6xd4
7.Qd1xd4 Ng8f6
8.Bf1d3 a6
9.O-O Qd8c7
10.b3 Nf6g4
11.h3 Qc7h2

0-1